00197 a2200109 4500001000700000020000600007040001100013100002100024240001900045245001400064362000900078169184 a  cMagnum aBorder, Rosemary10aThe pianolING10aThe piano0 a1899